书目信息 |
| 题名: |
日用苏绣图案
|
|
| 作者: | ;苏州刺绣研究所 绘制 | |
| 分册: | ||
| 出版信息: | 北京 轻工业出版社 1981.2 |
|
| 页数: | 228页 | |
| 开本: | 26cm | |
| 丛书名: | ||
| 单 册: | ||
| 中图分类: | TS935.1 | |
| 科图分类: | ||
| 主题词: | 刺绣--生产工艺 , 编织--生产工艺 , 毯--生产工艺 | |
| 电子资源: | ||
| ISBN: | ||
| 000 | 00604nam0 2200205 45 | |
| 001 | 0181011427 | |
| 005 | 20060227164303.56 | |
| 010 | @dCNY2.40 | |
| 100 | @a20810111d km y0chiy0120 ea | |
| 101 | 0 | @achi |
| 200 | 1 | @a日用苏绣图案@Ari yong su xiu tu en@f苏州刺绣研究所等绘制@Fsu zhou ci xiu yan jiu suo |
| 210 | @a北京@c轻工业出版社@d1981.2 | |
| 215 | @a228页@d26cm | |
| 606 | 0 | @a刺绣@x生产工艺 |
| 606 | 0 | @a编织@x生产工艺 |
| 606 | 0 | @a毯@x生产工艺 |
| 690 | @aTS935.1 | |
| 711 | 0 | @a苏州刺绣研究所@Asu zhou ci xiu yan jiu suo@4绘制 |
| 801 | @aCN@bTSTC@c20060227 | |
| 905 | @dTS935.1@e12@f2@b74539-40 | |
| 日用苏绣图案/苏州刺绣研究所等绘制.-北京:轻工业出版社,1981.2 |
| 228页;26cm |
| ISBN :CNY2.40 |
| ● |
| 相关链接 |
|
|
|
|
正题名:日用苏绣图案
索取号:TS935.1/12
 
预约/预借
| 序号 | 登录号 | 条形码 | 馆藏地/架位号 | 状态 | 备注 |
| 1 | 0074540 | 202198692 | 密集书库/ [索取号:TS935.1/12] | 在馆 |